Normal view
MARC view
- Edited by Andrzej Stankiewicz, Jacob A. Moulijn
Entry Personal Name
001 - CONTROL NUMBER
- control field: 127594
003 - CONTROL NUMBER IDENTIFIER
- control field: NUST
005 - DATE AND TIME OF LATEST TRANSACTION
- control field: 20250115112952.0
008 - FIXED-LENGTH DATA ELEMENTS
- fixed length control field: 250115|| aca||aabn | a|a d
040 ## - CATALOGING SOURCE
- Original cataloging agency: NUST
- Transcribing agency: NUST
100 ## - HEADING--PERSONAL NAME
- Personal name: Edited by Andrzej Stankiewicz, Jacob A. Moulijn
670 ## - SOURCE DATA FOUND
- Source citation: Work cat.: (NUST)565010: Edited by Andrzej Stankiewicz, Jacob A. Moulijn, Re-Engineering The Chemical Processing Plant Process Intensification: Process intensification /, 2004
